| 000 | 00704nam a2200265 a 4500 | ||
|---|---|---|---|
| 999 |
_c3497 _d3497 |
||
| 006 | a||||gr|||| 001 0 | ||
| 007 | ta | ||
| 008 | 251111t2026 xx a|||gr|||| 0|1 ||eng|d | ||
| 020 |
_a9789367134092 _cRs. 1049.00 |
||
| 040 |
_aKO _beng |
||
| 041 | 0 | _aeng | |
| 044 | _aii | ||
| 082 | 0 | 4 |
_a658.15 _bP1923 _223 |
| 100 | 1 | _aPandey, I. M. | |
| 245 | 1 | 0 |
_aFinancial Management / _c I. M. Pandey |
| 250 | _a13th ed. | ||
| 260 |
_aNoida : _bPearson India Education Services Pv. Ltd., _c2026 |
||
| 300 |
_axxviii, 1042 p. : _bill.; _c26 cm. |
||
| 500 | _aIncludes index. | ||
| 650 | 0 |
_aFinance, Personal _vTextbooks |
|
| 650 | 0 |
_aFinance _vTextbooks |
|
| 904 | _aA_BOSE | ||
| 942 |
_cBK _2ddc |
||